000 00463nam a2200181 a 4500
001 1775555652867
003 YourLibrary
005 20260407152610.0
008 260407s2009##################000#0#eng##
020 _a9781847242600
082 0 4 _a855.33109
_bROB
100 1 _aRoberts, Andrew,
_eauthor.
245 1 0 _aThe Art of War :
260 _bQuercus Books,
_c2009.
650 0 _aArmed Forces.
942 _cENGLISH
040 _aYourLibrary
_beng
_cYourLibrary
999 _c618739
_d618739